[Event "AUTO-OPEN-2667"]
[Site "http://www.queenalice.com/game.php?id=1151254"]
[Date "2013.2.12"]
[Round "2"]
[White "rotwein"]
[Black "barrai"]
[Result "1-0"]
[WhiteElo "2076"]
[BlackElo "2027"]

1. d4 d5 2. c4 Nf6 3. cxd5 Nxd5 4. e4 Nb6 5. Nf3 g6 6. Nc3 c6 7. Be2 Bg7 8. O-O
O-O 9. Be3 e6 10. Qd2 N8d7 11. Bh6 Re8 12. Bxg7 Kxg7 13. Rfd1 Nf6 14. Qf4 h6 15.
Ne5 g5 16. Qf3 Qe7 17. a4 a5 18. Ra3 Nbd7 19. Nc4 b6 20. e5 Nd5 21. Nxd5 cxd5
22. Nd6 Rf8 23. Qh5 f5 24. Rh3 Rh8 25. f4 g4 26. Rg3 Ba6 27. Bxa6 Rxa6 28. h3 b5
29. axb5 Rxd6 30. exd6 Qxd6 31. hxg4 Qxf4 32. Qh3 Kf8 33. gxf5 Nf6 34. fxe6 Rh7
35. Rf3 Qg5 36. Rdf1 Ke7 37. Rxf6 1-0

[Event "AUTO-MASTER-1830"]
[Site "http://www.queenalice.com/game.php?id=1157537"]
[Date "2013.3.4"]
[Round "1"]
[White "madriles"]
[Black "rotwein"]
[Result "1/2-1/2"]
[WhiteElo "1982"]
[BlackElo "2077"]

1. d4 Nf6 2. c4 e6 3. Nf3 Bb4+ 4. Bd2 Qe7 5. a3 Bxd2+ 6. Qxd2 b6 7. e3 Bb7 8.
Be2 O-O 9. O-O d6 10. Nc3 Nbd7 11. d5 e5 12. e4 a5 13. b4 axb4 14. axb4 Rxa1 15.
Rxa1 Ra8 1/2-1/2

[Event "AUTO-MASTER-1830"]
[Site "http://www.queenalice.com/game.php?id=1157538"]
[Date "2013.3.4"]
[Round "1"]
[White "rotwein"]
[Black "madriles"]
[Result "1-0"]
[WhiteElo "2019"]
[BlackElo "1978"]

1. d4 Nf6 2. Nf3 d6 3. g3 d5 4. Bg2 e6 5. O-O c5 6. c4 cxd4 7. Nxd4 Nc6 8. cxd5
exd5 9. Nc3 Ne7 10. Bg5 Be6 11. Bxf6 gxf6 12. Rc1 Bg7 13. Qb3 b6 14. Rfd1 O-O
15. e3 Qd7 16. Nde2 d4 17. Qa3 Rab8 18. Nxd4 Bd5 19. Nxd5 Nxd5 20. Ne2 Qb5 21.
Nd4 Qd7 22. Nb3 Rbc8 23. Rxc8 Rxc8 24. Rxd5 Qe6 25. Qd6 Qg4 26. Qd7 Qc4 27. Rd4
Qc2 28. Bd5 Rf8 29. Be4 Qxb2 30. Qf5 1-0

[Event "AUTO-MASTER-1830"]
[Site "http://www.queenalice.com/game.php?id=1157551"]
[Date "2013.3.4"]
[Round "1"]
[White "salva9001"]
[Black "rotwein"]
[Result "1-0"]
[WhiteElo "2205"]
[BlackElo "2088"]

1. Nf3 Nf6 2. c4 c5 3. Nc3 Nc6 4. g3 e5 5. d3 d6 6. Bg2 Be7 7. O-O O-O 8. Bg5
Be6 9. a3 a6 10. Rb1 Rb8 11. b4 cxb4 12. axb4 b5 13. cxb5 axb5 14. d4 e4 15.
Bxf6 exf3 16. Bxe7 Nxe7 17. Bxf3 Bc4 18. Re1 d5 19. e4 dxe4 20. Nxe4 Nd5 21. Nc5
Re8 22. Qd2 Qf6 23. Bg2 Rbd8 24. Nb7 Rb8 25. Na5 h6 26. Nxc4 bxc4 27. Bxd5 1-0

[Event "AUTO-MASTER-1830"]
[Site "http://www.queenalice.com/game.php?id=1157552"]
[Date "2013.3.4"]
[Round "1"]
[White "rotwein"]
[Black "salva9001"]
[Result "0-1"]
[WhiteElo "2088"]
[BlackElo "2188"]

1. d4 Nf6 2. Nf3 g6 3. c4 d5 4. Nc3 Bg7 5. Qb3 dxc4 6. Qxc4 Be6 7. Qb5+ Nbd7 8.
Qxb7 O-O 9. Qb4 c5 10. dxc5 Rb8 11. Qh4 Qa5 12. e3 Nxc5 13. Be2 Nfe4 14. Bd2
Nxd2 15. Nxd2 Rxb2 0-1

[Event "AUTO-MASTER-1830"]
[Site "http://www.queenalice.com/game.php?id=1157561"]
[Date "2013.3.4"]
[Round "1"]
[White "rotwein"]
[Black "Magogue"]
[Result "0-1"]
[WhiteElo "1976"]
[BlackElo "1621"]

1. d4 d5 2. c4 dxc4 3. e3 e6 4. Bxc4 c5 5. Nf3 Nf6 6. O-O Nc6 7. dxc5 Qxd1 8.
Rxd1 Bxc5 9. Nc3 O-O 10. a3 a5 11. Bd2 Bd7 12. Rac1 Rfd8 13. Be1 h6 14. Nb5 Na7
15. Nxa7 Rxa7 16. Bxe6 fxe6 17. Rxc5 b6 18. Rc2 Raa8 19. Rcd2 Nd5 20. Ne5 Ba4
21. Rc1 Nf6 22. Rxd8+ Rxd8 23. f3 Rd1 24. Rxd1 Bxd1 25. Nc4 Nd5 26. e4 Bb3 27.
Nxa5 bxa5 28. exd5 exd5 0-1

[Event "AUTO-MASTER-1830"]
[Site "http://www.queenalice.com/game.php?id=1157562"]
[Date "2013.3.4"]
[Round "1"]
[White "Magogue"]
[Black "rotwein"]
[Result "0-1"]
[WhiteElo "1868"]
[BlackElo "2080"]

1. e4 c5 2. Nf3 e6 3. Nc3 a6 4. d4 cxd4 5. Nxd4 Qc7 6. g3 Nc6 7. Bg2 Nf6 8. a3
Be7 9. O-O O-O 10. Nxc6 dxc6 11. Re1 e5 12. b4 Be6 13. f4 Rad8 14. Qe2 Bc8 15.
f5 c5 16. bxc5 Bxc5+ 17. Be3 Bxe3+ 18. Qxe3 Ng4 19. Qc1 Qxc3 0-1

[Event "AUTO-MASTER-1775"]
[Site "http://www.queenalice.com/game.php?id=1158435"]
[Date "2013.3.6"]
[Round "2"]
[White "leduar"]
[Black "rotwein"]
[Result "1-0"]
[WhiteElo "1957"]
[BlackElo "2027"]

1. e4 c5 2. Nf3 e6 3. d4 cxd4 4. Nxd4 a6 5. Bd3 Bc5 6. Be3 Qb6 7. c3 Nf6 8. b4
Bxd4 9. Bxd4 Qc7 10. e5 Nd5 11. Be4 Nc6 12. Bxd5 exd5 13. O-O Nxd4 14. Qxd4 Qc4
15. Rd1 b5 16. Qxd5 Qxd5 17. Rxd5 Bb7 18. Rd6 Rc8 19. a4 Ke7 20. axb5 axb5 21.
f4 Rc4 22. g3 f6 23. Ra7 Bc6 24. Kf2 fxe5 25. Rd3 exf4 26. Nd2 fxg3+ 27. Kxg3
Rf8 28. Nxc4 bxc4 29. Re3+ Kd6 30. Ra5 1-0

[Event "AUTO-MASTER-1775"]
[Site "http://www.queenalice.com/game.php?id=1158436"]
[Date "2013.3.6"]
[Round "2"]
[White "rotwein"]
[Black "leduar"]
[Result "0-1"]
[WhiteElo "2073"]
[BlackElo "2000"]

1. d4 d6 2. c4 e5 3. Nf3 exd4 4. Nxd4 c5 5. Nf3 Bf5 6. Nc3 Nf6 7. Bg5 Be7 8. e3
Ne4 9. Nxe4 Bxe4 10. Bxe7 Qxe7 11. Be2 O-O 12. O-O Nc6 13. a3 a5 14. Qd2 b6 15.
Rfd1 Rfd8 16. h3 Ne5 17. Ne1 d5 18. cxd5 Bxd5 19. Qc2 Qe6 20. Nd3 Bb3 0-1

[Event "AUTO-MASTER-1775"]
[Site "http://www.queenalice.com/game.php?id=1158437"]
[Date "2013.3.6"]
[Round "2"]
[White "gian_abramo"]
[Black "rotwein"]
[Result "0-1"]
[WhiteElo "2005"]
[BlackElo "2086"]

1. e4 c5 2. Nc3 Nc6 3. f4 g6 4. Nf3 Bg7 5. d3 d6 6. h3 Nf6 7. g3 Rb8 8. a3 b5 9.
Rb1 b4 10. axb4 Nxb4 11. Ne2 O-O 12. Bg2 Ba6 13. c3 Nxd3+ 14. Kf1 Nxe4 15. Ng5
Nxg5 16. fxg5 Bxc3 17. Qa4 Bb5 18. Qg4 Nxc1 19. bxc3 Bxe2+ 0-1

[Event "AUTO-MASTER-1775"]
[Site "http://www.queenalice.com/game.php?id=1158438"]
[Date "2013.3.6"]
[Round "2"]
[White "rotwein"]
[Black "gian_abramo"]
[Result "1/2-1/2"]
[WhiteElo "2052"]
[BlackElo "1988"]

1. d4 Nf6 2. Nf3 g6 3. c4 Bg7 4. g3 O-O 5. Bg2 d6 6. O-O Nc6 7. Nc3 e5 8. d5 Ne7
9. e4 Nh5 10. Ne1 f5 11. f3 f4 12. g4 Nf6 13. Nd3 a6 14. Bd2 Qe8 15. b4 Bd7 16.
h3 g5 17. c5 h5 18. Nf2 hxg4 19. hxg4 Qg6 20. a4 Kf7 21. Nh3 Rh8 22. Kf2 Qh7 23.
Rh1 Qg6 24. Qe2 1/2-1/2

[Event "AUTO-MASTER-1835"]
[Site "http://www.queenalice.com/game.php?id=1159982"]
[Date "2013.3.11"]
[Round "1"]
[White "lawyerplayer"]
[Black "rotwein"]
[Result "1-0"]
[WhiteElo "2035"]
[BlackElo "2000"]

1. d4 Nf6 2. c4 e6 3. Nf3 Bb4+ 4. Nc3 O-O 5. e3 b6 6. Bd3 Bb7 7. O-O Bxc3 8.
bxc3 d6 9. Re1 Nbd7 10. e4 e5 11. Bg5 h6 12. Bh4 g5 13. Bg3 Qe7 14. h4 g4 15.
Nd2 h5 16. Nf1 c5 17. d5 Ne8 18. Ne3 Ng7 19. f3 gxf3 20. Qxf3 Qf6 21. Qxf6 Nxf6
22. Rf1 Nfe8 23. Nf5 Nxf5 24. Rxf5 Ng7 25. Rf6 Rad8 26. Rh6 Bc8 27. Be2 Bg4 28.
Bxg4 hxg4 29. Rf1 f5 30. exf5 Ne8 31. Rg6+ Kf7 32. Rxg4 1-0

[Event "AUTO-MASTER-1835"]
[Site "http://www.queenalice.com/game.php?id=1159983"]
[Date "2013.3.11"]
[Round "1"]
[White "rotwein"]
[Black "lawyerplayer"]
[Result "0-1"]
[WhiteElo "2099"]
[BlackElo "2016"]

1. d4 Nf6 2. c4 g6 3. g3 d5 4. Bg2 c6 5. Nf3 Bg7 6. Nbd2 O-O 7. O-O Nbd7 8. Qc2
Re8 9. e4 dxe4 10. Nxe4 e5 11. dxe5 Nxe5 12. Nxe5 Rxe5 13. Bf4 Re8 14. Nxf6+
Qxf6 15. Rab1 Bf5 0-1

[Event "AUTO-MASTER-1835"]
[Site "http://www.queenalice.com/game.php?id=1159998"]
[Date "2013.3.11"]
[Round "1"]
[White "Neimar_Dantas"]
[Black "rotwein"]
[Result "1-0"]
[WhiteElo "2140"]
[BlackElo "2039"]

1. d4 Nf6 2. Nf3 e6 3. e3 b6 4. Be2 Bb7 5. O-O Be7 6. b3 O-O 7. Bb2 d6 8. c4
Nbd7 9. Nbd2 Re8 10. Qc2 Bf8 11. Rac1 c5 12. e4 cxd4 13. Nxd4 Rc8 14. Qb1 Nc5
15. f3 a6 16. Ba1 Qc7 17. b4 Ncd7 18. N2b3 g6 19. c5 bxc5 20. bxc5 Nxc5 21. Nxc5
dxc5 22. Nb3 Bg7 23. Rxc5 Qb6 24. Bd4 Rxc5 25. Bxc5 Qc7 26. Rc1 Qb8 27. Na5 Ba8
28. Bxa6 Qxb1 29. Rxb1 1-0

[Event "AUTO-MASTER-1835"]
[Site "http://www.queenalice.com/game.php?id=1159999"]
[Date "2013.3.11"]
[Round "1"]
[White "rotwein"]
[Black "Neimar_Dantas"]
[Result "1-0"]
[WhiteElo "2017"]
[BlackElo "2156"]

1. d4 d5 2. Nf3 Nf6 3. c4 c6 4. g3 e6 5. Bg2 Be7 6. Qc2 dxc4 7. Qxc4 Nbd7 8. O-O
O-O 9. Nc3 Nb6 10. Qb3 a5 11. a4 Nbd5 12. Rd1 Nb4 13. Ne5 Nfd5 14. e4 Nf6 15.
Be3 Qc7 16. f4 b6 17. Rac1 Ba6 18. Na2 c5 19. dxc5 Bxc5 20. Nxb4 axb4 21. Bxc5
bxc5 22. Qxb4 Rac8 23. Qc3 Qa7 24. Kh1 Bb7 25. Qc4 Rfd8 26. b3 Rd4 27. Rxd4 cxd4
28. Qxc8+ 1-0

[Event "AUTO-MASTER-1835"]
[Site "http://www.queenalice.com/game.php?id=1160010"]
[Date "2013.3.11"]
[Round "1"]
[White "rotwein"]
[Black "CCapivara"]
[Result "0-1"]
[WhiteElo "2032"]
[BlackElo "2061"]

1. d4 d5 2. Nf3 e6 3. c4 Nf6 4. g3 Be7 5. Bg2 O-O 6. O-O c6 7. Qc2 Nbd7 8. Nbd2
dxc4 9. Nxc4 Nb6 10. Nce5 Nfd7 11. Bd2 Nxe5 12. Nxe5 Qxd4 13. Bc3 Qd8 14. Rfd1
Qc7 15. e4 Nd7 16. Nxd7 Bxd7 17. f4 Rad8 18. e5 c5 19. Be4 h5 20. Qe2 g6 21. g4
hxg4 22. Qxg4 Kg7 23. Rd3 Bc6 24. Rxd8 Rxd8 25. Bxc6 Qxc6 26. Rf1 Qe4 27. Re1
Qf5 28. Qxf5 gxf5 29. Kg2 b5 30. Ba5 Rd4 31. Kf3 Ra4 0-1

[Event "AUTO-MASTER-1835"]
[Site "http://www.queenalice.com/game.php?id=1160011"]
[Date "2013.3.11"]
[Round "1"]
[White "CCapivara"]
[Black "rotwein"]
[Result "1-0"]
[WhiteElo "2073"]
[BlackElo "2049"]

1. e4 c5 2. Nf3 e6 3. Be2 d6 4. d4 cxd4 5. Nxd4 Nf6 6. Nc3 Be7 7. Be3 O-O 8. O-O
Nc6 9. a3 a6 10. Nb3 Qc7 11. f4 Bd7 12. g4 Rfd8 13. g5 Ne8 14. Bd3 Rac8 15. Qh5
g6 16. Qh6 Bf8 17. Qh4 Bg7 18. Rf3 Na5 19. Nxa5 Qxa5 20. Raf1 Nc7 21. Rh3 h5 22.
gxh6 Bh8 23. f5 exf5 24. exf5 1-0